Miguel Hernández (1893-1957) (Record no. 174482)
[ view plain ]
| 000 -LEADER | |
|---|---|
| campo de control de longitud fija | 01192nam a2200265 4500 |
| 001 - NÚMERO DE CONTROL | |
| campo de control | 174482 |
| 003 - IDENTIFICADOR DE NÚMERO DE CONTROL | |
| campo de control | ES-MaACL |
| 005 - FECHA Y HORA DE LA ÚLTIMA TRANSACCIÓN | |
| campo de control | 20240122153941.0 |
| 008 - DATOS DE LONGITUD FIJA--INFORMACIÓN GENERAL | |
| campo de control de longitud fija | 100428s1976 sp a |||| |dspa d |
| 017 ## - NÚMERO DE COPYRIGHT O DE DEPÓSITO LEGAL | |
| Número de copyright o de depósito legal | M 28819-1976 |
| 080 ## - NÚMERO DE LA CLASIFICACIÓN DECIMAL UNIVERSAL | |
| Número de la Clasificación Decimal Universal | 75 Hernández, Miguel |
| 245 00 - MENCIÓN DEL TÍTULO | |
| Título | Miguel Hernández (1893-1957) |
| Resto del título | : [exposición] Salas de Exposiciones de la Dirección General del Patrimonio Artístico y Cultural, Madrid- octubre, 1976. |
| 260 ## - PUBLICACIÓN, DISTRIBUCIÓN, ETC. | |
| Lugar de publicación, distribución, etc. | Madrid : |
| Nombre del editor, distribuidor, etc. | Dirección General del Patrimonio Artístico y Cultural : |
| -- | Comisaría Nacional de Museos y Extensión Cultural, |
| Fecha de publicación, distribución, etc. | 1976. |
| 300 ## - DESCRIPCIÓN FÍSICA | |
| Extensión | 43 p : |
| Otras características físicas | il. ; |
| Dimensiones | 25 cm. |
| 490 1# - MENCIÓN DE SERIE | |
| Mención de serie | Publicación del Patronato Nacional de Museos |
| 600 17 - PUNTO DE ACCESO ADICIONAL DE MATERIA--NOMBRE DE PERSONA | |
| Nombre de persona | Hernández, Miguel, |
| Fechas asociadas al nombre | 1893-1957- |
| Subdivisión de forma | Exposiciones |
| Fuente del encabezamiento o término | |
| 9 (RLIN) | 142619 |
| 655 #7 - TERMINO DE INDIZACIÓN--GENERO/FORMA | |
| Fuente del término | tgfbne |
| 9 (RLIN) | 193628 |
| Datos o término principal de género/forma | Catálogos de exposiciones |
| 700 1# - ENTRADA AGREGADA--NOMBRE PERSONAL | |
| Nombre de persona | Hernández, Miguel, |
| Fechas asociadas al nombre | 1893-1957 |
| 9 (RLIN) | 142618 |
| 710 1# - ENTRADA AGREGADA--NOMBRE DE ENTIDAD CORPORATIVA | |
| Nombre de entidad corporativa o nombre de jurisdicción como elemento de entrada | España. |
| Unidad subordinada | Dirección General del Patrimonio Artístico y Cultural. |
| 9 (RLIN) | 3790 |
| 710 1# - ENTRADA AGREGADA--NOMBRE DE ENTIDAD CORPORATIVA | |
| Nombre de entidad corporativa o nombre de jurisdicción como elemento de entrada | España. |
| Unidad subordinada | Comisaría Nacional de Museos y Extensión Cultural. |
| 9 (RLIN) | 142617 |
| 830 0# - PUNTO DE ACCESO ADICIONAL DE SERIE-TÍTULO UNIFORME | |
| Título uniforme | Publicación del Patronato Nacional de Museos |
| 9 (RLIN) | 189429 |
| 852 4# - LOCALIZACIÓN | |
| Ubicación | BA |
| Número de control de estantería | C-57179 |
| 942 ## - ELEMENTOS DE ENTRADA SECUNDARIOS (KOHA) | |
| Fuente del sistema de clasificación o colocación | Clasificación decimal universal |
| Estatus retirado | Estado de pérdida | Estado de daño | No para préstamo | Biblioteca de origen | Biblioteca actual | Ubicación en estantería | Fecha de adquisición | Fuente de adquisición | Total de préstamos | Signatura topográfica completa | Código de barras | Visto por última vez | Precio de reemplazo | Tipo de ítem Koha |
|---|---|---|---|---|---|---|---|---|---|---|---|---|---|---|
| Biblioteca del Ateneo de Madrid | Biblioteca del Ateneo de Madrid | Depósito 2 | 28/04/2010 | C-57179 | 1183165 | 23/02/2023 | 23/02/2023 | Libro impreso |
